[Event "FIDE Chess.com Grand Swiss"]
[Site "Douglas"]
[Date "2019.10.15"]
[Round "6"]
[White "Wang, Hao"]
[Black "McShane, Luke J"]
[Result "1-0"]
[WhiteElo "2726"]
[BlackElo "2682"]
[Annotator "Wang,Hao"]
[PlyCount "125"]
[EventDate "2019.10.10"]
[EventType "swiss"]
[EventRounds "11"]
[EventCountry "IOM"]
[SourceTitle "CBM 193"]
[Source "ChessBase"]
[SourceDate "2019.12.31"]
[SourceVersion "1"]
[SourceVersionDate "2019.12.31"]
[SourceQuality "1"]

{[%evp 0,125,19,34,29,0,-11,-24,18,0,33,31,32,24,24,-6,-9,-6,3,5,7,-2,12,42,21,
7,24,3,25,30,36,15,51,37,42,44,69,54,92,99,98,96,94,98,77,-10,10,0,0,13,93,86,
81,75,112,112,148,103,107,104,122,107,98,98,91,100,99,98,101,88,88,79,124,124,
129,135,129,141,134,120,146,123,121,145,154,163,163,170,150,150,152,165,190,
187,180,172,190,136,168,170,165,240,324,355,360,369,369,320,332,341,341,341,
471,341,469,494,603,655,655,588,760,728,881,964,981,895,1359,1506] This game
was played in round 6, with my opponent and me both in the leading pack. It
was clear that Luke was in form, but since he always has dubious opening
preparations, I decided to be solid and hope to get a position which I can
press for a long time.} 1. d4 Nf6 2. c4 e6 {I noticed that my opponent had
started to play 2...e6 recently, instead of his favourite King's Indian, which
I have analyzed a lot of ideas for White.} 3. g3 Bb4+ 4. Bd2 c5 {In round 1
Luke played this 4...c5 move in the Bogo-Indian line when his opponent Yilmaz
chose 3.Nf3. That game continued with a similar structure, but the knight on
f3 became clumsy when White had to defend the e4 pawn.} 5. Bxb4 cxb4 6. Bg2 O-O
7. e4 d6 8. Ne2 Nc6 (8... e5 {is more popular, keeping the possibility for
Black to play ...Na6 in the future.}) 9. O-O Bd7 10. Qd3 a5 11. Nd2 e5 12. Rfd1
{White is slowly improving his position with Rac1, Nf1 and Ne3. I think that
Black needs some active ideas to keep the tension which is not easy to do over
the board.} Qb8 {Trying to stop Nf1. But I was actually happy seeing this move,
since Black could try to play ...h5 to disturb White's plan.} ({After} 12...
Re8 13. Nf1 h5 $5 14. h4 (14. h3 h4 15. g4 exd4 16. Nxd4 Ne5 {, and Black has
the idea with Ng6 and Nf4.}) (14. Ne3 h4 {and Black will have better
counterplay chances by weakening White's kingside.}) 14... Rc8 15. Rac1 exd4
16. Nxd4 Ne5 {the position is dynamically balanced, it's difficult to drive
the e5-knight away by playing f4 since White has a weak kingside.}) ({The
immediate} 12... h5 $5 {was also good.}) 13. Rac1 {To prevent Black's b5. With
the support of the c1-took, c4-c5 becomes a good possibility against b5.} (13.
Nf1 $6 {would be met with the clever} b5 $1 {After} 14. cxb5 Nd8 {Black is
totally fine.}) ({It could be a good idea to come with} 13. a4 {, stopping b5,
but I didn't like my isolated pawn on c4 after} bxa3 14. bxa3 Qa7 15. Nf1 (15.
d5 Nb8) 15... exd4 (15... Rac8 16. Ne3 Rfe8 17. Rab1) 16. Nxd4 Ne5 {, though
actually White is slightly better here.}) 13... Qa7 ({If Black tries to weaken
White's kingside with} 13... Bg4 14. f3 Bd7 {, White can try to play} 15. h3 {
followed by f4.}) (13... b5 {is not a good idea here because Black has
problems with the d2-knight jumping to c4:} 14. cxb5 Na7 15. b6 $1 Qxb6 (15...
Nc8 16. dxe5 dxe5 17. Nd4 $1 Nxb6 18. Nc6 {, and Black has an unpleasant
position.}) 16. Nc4) (13... Re8 {seemed more logical to me. I would have
continued with} 14. h3 {, to see what's the next move by Black.} (14. Nf1 {
doesn't offer much for White after} b5 15. c5 dxc5 16. Rxc5 Qa7 17. Rdc1 Rac8
18. d5 Ne7 19. Rxc8 Nxc8 {and Black has a solid position.})) 14. Nf1 Rac8 15.
h3 Rfd8 16. Ne3 {I have reached my goal of being able to press for a long time
in a slightly better position. Still, Black has a solid position, and it's
difficult to break through.} h6 17. b3 Qb8 $6 {I guess that my opponent
started losing his patience.} (17... Re8 {to keep waiting was probably a
better idea. I would have tried to improve my position slowly and slightly with
} 18. Kh2 (18. dxe5 dxe5 19. Nd5 Nh7 {wouldn't hurt Black much.}) (18. f4 {
is probably too early, after} Rcd8 $1 {Black is going to open the center with
some exchanges and put his bishop on c6. If White continues with ambitious
ideas like} 19. fxe5 dxe5 20. d5 {, after} Nb8 21. g4 Na6 22. Ng3 Nc5 23. Qd2
Rf8 {the position is unclear.}) 18... Rcd8 19. Rd2 {, followed by Rcd1.}) 18.
f4 $1 (18. d5 Ne7 19. a4 {was also playable, White can try ideas to exploit
the space advantage. But during the game I wanted to keep the tension in the
center.}) 18... b5 $5 {My opponent decided to go for counterplay.} (18... Re8
19. Kh2) (18... b6 19. g4) 19. cxb5 Ne7 ({If} 19... Nxd4 {, after} 20. Nxd4
Rxc1 21. Rxc1 exd4 22. Qxd4 Bxb5 23. Kh2 {White has a good positional
advantage.}) 20. Rxc8 Rxc8 {I thought that the complications starting with 18..
.b5 wouldn't work out well for Black, but here I lost my way.} 21. dxe5 $2 (21.
b6 $1 {was the right move. After} exf4 {I missed} 22. e5 $1 {, which would be
very strong.} ({I only considered} 22. Nxf4 {which is also good, but again, I
blundered an important move:} Rc3 23. Qd2 Qxb6 24. Nc4 Qc7 25. e5 Ne8 {Here I
missed.} 26. Ne2 $1 {which would give a big advantage to White.}) {After} 22...
dxe5 23. dxe5 Qxe5 24. Nc4 (24. Nxf4 Bc6 25. Nc4 {is also excellent for White.}
) 24... Qc5+ 25. Qd4 Qxd4+ 26. Rxd4 {my b-pawn will decide the game.}) 21...
dxe5 22. Qd6 $6 (22. b6 {was probably a better choice, after} Qxb6 (22... exf4
23. e5 Qxe5 24. Nc4) 23. fxe5 Nh7 24. Kh2 Be6 {White is slightly better
because of the doubled extra pawn, but Black has enough resources to defend.})
22... Bxb5 23. Qxb8 Rxb8 {Now I have lost all the advantage. Fortunately, I
could still create some idea to confuse my opponent.} 24. fxe5 Nd7 $2 ({
Somehow my opponent didn't like his position after} 24... Bxe2 25. Rd2 (25.
exf6 {looks tempting, but it does not work because of} Bxd1 26. fxe7 Be2 27.
Kf2 $1 (27. Nf5 $2 Re8 $1 {Not allowing Nd6} 28. e5 Bb5 29. Nd6 Rxe7 30. Nxb5
Rxe5 {and only White is playing for a draw here.}) 27... Bd3 (27... Ba6 28. Nf5
Re8 29. e5 Bb5 30. Nd6 Rxe7 31. Nxb5 Rxe5 32. Nd6 {, White is slightly better.}
) 28. Nf5 Re8 29. Ke3 Ba6 30. e5 Bb5 {though White has a nice move to force a
draw here with} 31. Kd4 $1 Bd7 32. Kc5 Bxf5 33. Kd6 g5 (33... f6 34. e6 Bg6 35.
Bc6 Rc8 36. Kd7 Re8 $11) 34. Bc6 Rxe7 35. Kxe7 Kg7 36. Bd5 Bb1 37. Kd6 Bxa2 38.
Kc5 a4 39. Kxb4 axb3 40. Bxb3 Bxb3 41. Kxb3) 25... Nh5 26. Rxe2 Nxg3 27. Rc2 {
, but actually Black is doing fine after} Ng6 28. Kf2 Nh5 29. Rc5 Nhf4 30. Rxa5
Nd3+ (30... Nxe5 $6 31. Bf1 {White has some slight chances because the knight
on f4 stands a bit uncoordinated.}) 31. Kg3 Ndxe5 {.}) 25. e6 {After the game
Luke told me that he simply forgot this reply. Now Black has a passive
position.} fxe6 26. Nd4 Ne5 $2 (26... Nf8 {to defend the e6 pawn was the right
way, although White can try to continue pressing:} 27. Bf1 $1 Bxf1 (27... Bd7
28. Rc1) (27... Be8 28. Bc4) 28. Kxf1 a4 (28... Rc8 29. Nc4 a4 30. Ke2) 29. Ke2
Ra8 30. Nc4 {Black will have to defend a tough endgame.}) 27. Nxe6 Rc8 $6 (
27... Kf7 {was better.}) 28. Nd5 $2 (28. Nf5 $1 {was a stronger idea, to force
Black to exchange the knights and open the diagonal for my bishop. The game
would have been finished much faster.}) 28... N7g6 {I forgot that Black can
avoid the exchange by this simple move.} 29. Nd4 Be8 30. Bf1 (30. Kf2 {was
better. If} Rc1 {, White has} 31. Ke2) 30... Bf7 31. Kf2 Rc5 32. Bg2 {A bit
clumsy.} (32. Ne3 {or}) (32. Nf4 {are better ideas.}) 32... Nf8 33. Ke3 Nfd7
34. Ne2 {I wanted to swap the rooks with Rc1.} (34. Nf3 {was probably a
slightly better idea, to exchange a pair of knights and clear the way for my
king.}) 34... Kf8 $2 {The last mistake made during time pressure, allowing
White to swap the rooks achieving a winning endgame.} (34... Rc2 {was
necessary. After} 35. Rd2 Rc5 {I am not sure how to break Black's defense. For
example:} 36. Nd4 Rc1) 35. Rc1 Bxd5 36. Rxc5 Nxc5 37. exd5 Ke7 38. Nd4 Nb7 39.
Ke4 Nd7 40. Kd3 Ne5+ 41. Ke4 {After getting 50 minutes more on the clock, I
realized that I am going to win this tough game. White is totally winning here,
because of the extra pawn and a weak Pawn structure of Black.} Nd7 42. Nc6+ Kd6
43. Kd4 Kc7 44. Bf3 {Since the two knights are clumsy, my opponent had to
weaken the position by himself.} Kb6 45. Ne5 Nf6 46. Nc4+ Kc7 47. Ke5 Ne8 48.
Ke6 Ned6 49. Nxd6 Nxd6 50. h4 {After exchanging the knights, the invasion of
the white king becomes decisive. Black is going to lose the pawns on his
kingside.} g5 51. h5 Nb5 52. Ke7 Nd6 53. g4 Nb5 54. Be2 Nd6 55. Bd3 Nc8+ 56.
Ke6 Nd6 57. Kf6 Kd8 58. Kg6 Ke7 59. Kxh6 Kf6 60. Kh7 Kf7 61. h6 Nc8 62. Bf5 Nd6
63. Be6+ {Black resigned.} 1-0